[Event "PNWCC Online blitz JP 9th"]
[Site "Chess.com INT"]
[Date "2020.05.09"]
[Round "11"]
[White "Mariappan, Anish"]
[Black "Yip, Carissa"]
[Result "0-1"]
[WhiteElo "1397"]
[BlackElo "2420"]
[PlyCount "106"]
[EventDate "2020.05.09"]
[EventType "swiss (blitz)"]
[EventRounds "11"]
[EventCountry "USA"]
[SourceTitle "CBM 196 Extra"]
[Source "ChessBase"]
[SourceDate "2020.07.31"]
[SourceVersion "1"]
[SourceVersionDate "2020.07.31"]
[SourceQuality "1"]

1. e4 c5 2. Nf3 d6 3. d4 cxd4 4. Nxd4 Nf6 5. Nc3 g6 6. Be3 Bg7 7. f3 Nc6 8. Qd2 0-0 9. 0-0-0 d5 10. Qe1 e5 11. Nxc6 bxc6 12. exd5 Nxd5 13. Bc4 Be6 14. Kb1 Rb8 15. Bxa7 Ra8 16. Bc5 Re8 17. Bb3 Qc7 18. Nxd5 cxd5 19. Bf2 Rec8 20. Qe2 Qa5 21. Qd2 Qa6 22. Rhe1 Rcb8 23. Qe2 Qb7 24. Bg3 d4 25. Bxe5 Bxb3 26. cxb3 Re8 27. Rxd4 Rxe5 28. Re4 Rxe4 29. Qxe4 Qa7 30. a3 Rd8 31. Re2 Qg1+ 32. Re1 Qxg2 33. Re2 Qh1+ 34. Re1 Qxh2 35. Re2 Qg1+ 36. Re1 Rd1+ 37. Rxd1 Qxd1+ 38. Ka2 h5 39. Qe8+ Bf8 40. a4 h4 41. a5 Qd5 42. Qe1 h3 43. a6 Bc5 44. Qe8+ Kg7 45. Qe1 h2 46. Qh1 Bg1 47. Qg2 Qa5+ 48. Kb1 Qxa6 49. Qh1 Qf1+ 50. Ka2 Qe2 51. Kb1 Bd4 52. Qc1 h1Q 53. Qxh1 Qxb2# 0-1

[Event "PNWCC Online blitz JP 8th"]
[Site "Chess.com INT"]
[Date "2020.05.02"]
[Round "11"]
[White "Mariappan, Anish"]
[Black "Sairam, Pranav"]
[Result "0-1"]
[WhiteElo "1397"]
[BlackElo "1810"]
[PlyCount "104"]
[EventDate "2020.05.02"]
[EventType "swiss (blitz)"]
[EventRounds "11"]
[EventCountry "USA"]
[SourceTitle "CBM 195 Extra"]
[Source "ChessBase"]
[SourceDate "2020.05.31"]
[SourceVersion "1"]
[SourceVersionDate "2020.05.31"]
[SourceQuality "1"]

1. e4 e5 2. Nf3 Nf6 3. Nxe5 d6 4. Nf3 Nxe4 5. d4 d5 6. Bd3 Be7 7. 0-0 Nc6 8. Nc3 Nxc3 9. bxc3 0-0 10. Re1 Be6 11. Ne5 Nxe5 12. Rxe5 Bf6 13. Re1 Qd7 14. Qh5 g6 15. Qe2 Rfe8 16. Bf4 Bg7 17. Qd2 Rac8 18. Be5 f6 19. Bg3 c5 20. a4 c4 21. Be2 Bf5 22. Bf3 Be4 23. Bxe4 dxe4 24. Qf4 Qd5 25. Qd2 f5 26. Bf4 Rc6 27. Rab1 b6 28. Rb5 Qd7 29. Bh6 Bf6 30. Bg5 Bxg5 31. Qxg5 a6 32. Rb4 Qd5 33. Reb1 Ree6 34. h3 Kg7 35. h4 h6 36. Qg3 e3 37. fxe3 Qe4 38. Qf4 Qxc2 39. a5 b5 40. Qg3 Qxc3 41. Kf2 Qd2+ 42. Kf1 Qd3+ 43. Kf2 f4 44. Qg4 fxe3+ 45. Kg1 e2 46. Qf4 e1Q+ 47. Rxe1 Rxe1+ 48. Kh2 Qf1 49. Qb8 Qg1+ 50. Kh3 Re3+ 51. g3 Qf1+ 52. Kh2 Re2# 0-1